[Event "Sofia-ch U26"]
[Site "Sofia"]
[Date "2013.11.06"]
[Round "1"]
[White "Stoyanov, Stoyan Minchev"]
[Black "Ninov, Dayan"]
[Result "0-1"]
[WhiteElo "1875"]
[BlackElo "2219"]
[PlyCount "68"]
[EventDate "2013.11.06"]
[EventType "swiss"]
[EventRounds "7"]
[EventCountry "BUL"]
[SourceTitle "EXT 2015"]
[Source "ChessBase"]
[SourceDate "2014.11.20"]
[SourceVersion "1"]
[SourceVersionDate "2014.11.20"]
[SourceQuality "1"]

1. d4 d5 2. c4 dxc4 3. Nc3 e5 4. d5 Nf6 5. e4 Bc5 6. Bg5 b5 7. Nxb5 Bxf2+ 8. Ke2 Bxg1 9. Qc2 Bb6 10. h3 a6 11. Nc3 h6 12. Bh4 g5 13. Be1 Nbd7 14. Kd2 c6 15. Bxc4 cxd5 16. exd5 Bb7 17. Rf1 Rc8 18. Bb3 e4 19. Bf2 Bxf2 20. Rxf2 e3+ 21. Kxe3 Qb6+ 22. Ke2 a5 23. Kf1 Ba6+ 24. Kg1 0-0 25. Qf5 Qe3 26. Ba4 Bd3 27. Qf3 Qxf3 28. Rxf3 Ba6 29. Re1 Rfe8 30. Rd1 Kg7 31. Rd2 Re1+ 32. Kh2 Ne5 33. Rf5 Rd8 34. d6 Nc4 0-1